000 00520nam a2200181 i 4500
001 25696
003 ES-MaACL
007 t|
008 030102s1952 ve ||||1| spa d
100 1 _aAristeguieta, Jean.
_922855
245 1 0 _aPoesía, me hundo en tu fiebre /
_cJean Aristeguieta.
260 _aCaracas (Venezuela) :
_bLírica Hispana,
_c1952.
300 _a122 p. ;
_c16 cm.
490 1 _aAire libre ;
_v5
830 0 _aAire libre ;
_v5
_9186882
852 _aES-MaACL
_jC-8560
_bR.34716
999 _c25696
_d25696